000 00811cab a2200241 4500
001 WB3439-11
008 090401t1998 xxu||||| |||| 00| 0 eng d
035 _a(Sirsi) u88964
041 _aeng
245 _aRetail parks show life
260 _c1998
350 _a0
490 _aProperty Week
_v63(24) 9 October 1998, 6(1)
520 _aColliers Erdman Lewis predicts that the retail parks market will not be as dismal as originally forecast. A FPDSavills report shows that travel agents are moving out of town, which is helping to boost the market.
650 _aCOLLIERS ERDMAN LEWIS
650 _aFPDSAVILLS
650 _aRETAIL PARKS
650 _aRETAIL WAREHOUSES
650 _aTRAVEL AGENTS
690 _aPROPERTY-COMMERCIAL PROPERTY-RETAIL PROPERTY
942 _n0
948 _c14/10/1998
999 _c56248
_d56248